MARC

LEADER 00000nas a2200000 a 4500
001 ssj0004519
003 WaSeSS
005 20200512172242.0
006 m d
007 cr n
008 980630d19742002caumr pss 0 0eng c
010 |a  2008063285 
016 7 |a 011740817  |2 Uk 
022 |a 1476-2978  |y 0093-0415 
035 |a (WaSeSS)ssj0004519 
037 |b BMJ Publishing, Inc., 221 Main St., PO Box 7690, San Francisco, CA 94120-7690 
040 |a FQM  |b eng  |c FQM  |d OCLCQ  |d TXA  |d OCLCQ  |d VRC  |d OCLCA  |d OCLCQ  |d OCLCO  |d OCLCF  |d OCLCO  |d OCLCQ  |d OCLCO  |d OCLCQ  |d Z5A  |d LIP  |d OCLCA  |d BUF  |d OCLCO  |d U3W  |d OCLCO  |d DLC  |d MOW  |d AU@  |d OCLCO  |d WYU  |d OCLCO  |d OCLCA  |d OCL  |d OCLCO  |d SFB  |d OCLCA  |d OCLCQ  |d WaSeSS 
042 |a pcc 
043 |a n-usp-- 
050 1 4 |a R11  |b .C235 
245 0 0 |a Western journal of medicine  |h [electronic resource]. 
246 1 3 |a WJM 
260 |a San Francisco, CA :  |b California Medical Association,  |c ©1974-[2002] 
310 |a Monthly 
362 1 |a Began with: Vol. 120, no. 1 (Jan. 1974); ceased with v. 176, no. 4 (Sept. 2002). 
506 |a License restrictions may limit access. 
538 |a Mode of access: World Wide Web. 
550 |a Official journal of the California Medical Association and other similar Western state organizations. 
580 |a Absorbed: Arizona medicine, 1985; continued in part by: Arizona medicine (Phoenix, Ariz. : 1990). 
588 |a Description based on first issue; title from PDF cover (PubMed site, viewed Apr. 8, 2008). 
588 |a Latest issue consulted (viewed Apr. 8, 2008). 
650 0 |a Medicine  |v Periodicals. 
650 0 |a Medicine  |z West (U.S.)  |v Periodicals. 
650 2 |a Medicine. 
650 2 |a Societies, Medical. 
650 2 |a Medicine  |v Periodicals. 
650 2 |a Societies, Medical  |v Periodicals. 
650 7 |a 44.00 medicine: general.  |2 bcl 
650 7 |a Medicine.  |2 fast  |0 (OCoLC)fst01014893 
650 7 |a 44.00 medicine: general.  |2 nbc 
651 7 |a West United States.  |2 fast  |0 (OCoLC)fst01243255 
655 0 |a Electronic journals. 
710 2 |a California Medical Association. 
776 1 |t Western journal of medicine  |x 0093-0415  |w (DLC) 75642547  |w (OCoLC)1799362 
780 0 0 |t California medicine  |w (DLC) 2008263288  |w (OCoLC)76804336 
780 1 5 |t Arizona medicine  |g Aug. 1985  |x 0004-1556 
785 1 1 |t Arizona medicine (Phoenix, Ariz. : 1990) 
856 4 0 |z Full text available from Research Library: 01/01/1974 to 09/30/2002  |u https://search.proquest.com/publication/2041488